Vnútroštátna cestná nákladná doprava a spoplatnenie ciest I. triedy
Otázka spoplatnenia ciest I. triedy a vzniku regionálnych rozdielov. Štruktúra prepravy tovaru vo vnútroštátnej cestnej nákladnej doprave podľa vzdialenosti a charakteru. Prepravené množstvo tovaru vnútroštátnou cestnou nákladnou dopravou v roku 2007. Podiel spoplatnenia ciest I. triedy na celkovej...
Salvato in:
| Autore principale: | |
|---|---|
| Natura: | Capitolo di libro |
| Lingua: | slovacco |
| Soggetti: | |
| Tags: |
Nessun Tag, puoi essere il primo ad aggiungerne!!
|
MARC
| LEADER | 00000naa$a2200000$$$4500 | ||
|---|---|---|---|
| 001 | 0113554 | ||
| 005 | 20230731081947.5 | ||
| 041 | 0 | |a slo | |
| 044 | |a SK | ||
| 245 | 1 | 0 | |a Vnútroštátna cestná nákladná doprava a spoplatnenie ciest I. triedy |c Vladimír Konečný |
| 520 | |a Otázka spoplatnenia ciest I. triedy a vzniku regionálnych rozdielov. Štruktúra prepravy tovaru vo vnútroštátnej cestnej nákladnej doprave podľa vzdialenosti a charakteru. Prepravené množstvo tovaru vnútroštátnou cestnou nákladnou dopravou v roku 2007. Podiel spoplatnenia ciest I. triedy na celkovej dĺžke ciest I. triedy. Dosah elektronického mýta nielen na dopravné firmy. | ||
| 610 | 2 | 0 | |a doprava cestná nákladná |
| 610 | 2 | 0 | |a preprava |
| 610 | 2 | 0 | |a poplatky |
| 610 | 2 | 0 | |a legislatíva |
| 610 | 2 | 0 | |a regióny |
| 610 | 2 | 0 | |a Slovensko |
| 100 | 1 | |a Konečný, Vladimír | |